<?xml version="1.0" encoding="UTF-8"?>
<record
    xmlns:xsi="http://www.w3.org/2001/XMLSchema-instance"
    xsi:schemaLocation="http://www.loc.gov/MARC21/slim http://www.loc.gov/standards/marcxml/schema/MARC21slim.xsd"
    xmlns="http://www.loc.gov/MARC21/slim">

  <leader>02089    a2200241   4500</leader>
  <controlfield tag="003">Nust</controlfield>
  <controlfield tag="005">20221007114821.0</controlfield>
  <datafield tag="010" ind1=" " ind2=" ">
    <subfield code="a">   99019201</subfield>
  </datafield>
  <datafield tag="020" ind1=" " ind2=" ">
    <subfield code="a">0849328845 (alk. paper)</subfield>
  </datafield>
  <datafield tag="040" ind1=" " ind2=" ">
    <subfield code="c">Nust</subfield>
  </datafield>
  <datafield tag="082" ind1="0" ind2="0">
    <subfield code="a">629.8,FUZ</subfield>
  </datafield>
  <datafield tag="100" ind1="1" ind2=" ">
    <subfield code="a">Sugeno, Michio,</subfield>
    <subfield code="9">99467</subfield>
  </datafield>
  <datafield tag="245" ind1="1" ind2="0">
    <subfield code="a">Fuzzy modeling and control :</subfield>
    <subfield code="b">selected works of M. Sugeno /</subfield>
    <subfield code="c">edited by Hung T. Nguyen, Nadipuram R. Prasad.</subfield>
  </datafield>
  <datafield tag="260" ind1=" " ind2=" ">
    <subfield code="a">Boca Raton :</subfield>
    <subfield code="b">CRC Press,</subfield>
    <subfield code="c">c1999.</subfield>
  </datafield>
  <datafield tag="300" ind1=" " ind2=" ">
    <subfield code="a">xv, 429 p. :</subfield>
    <subfield code="b">ill. ;</subfield>
    <subfield code="c">24 cm.</subfield>
  </datafield>
  <datafield tag="505" ind1=" " ind2=" ">
    <subfield code="a">Introduction (Page-1), Development of an Intelligent Unmanned Helicopter (Page-13),Multi-Dimensional Fuzzy Reasoning (Page-45), A New Approach to Design of Fuzzy Controller(Page-59),Fuzzy Control of Model Car(Page-67), Fuzzy Algorithmic Control of a Model Car by Oral Instructions(Page-77), Application of Fuzzy Reasoning to the Water Purification Process(Page-89), A Microprocessor Based Fuzzy Controller For Industrial Applications(Page-105), Fuzzy Modeling and Control of Multilayer Incinerator(Page-113), Fuzzy Identification of Systems and its Application to Modeling and Control(Page-129), Structure Identification of Fuzzy Model(Page-161), Successive Identification of Fuzzy Model and its Application to Prediction of a Complex System(Page-179), A Fuzzy-Logic-Based Approach to Qualitative Modeling (Page-199), Stability Analysis and Design of Fuzzy Control Systems(Page-251), An Interpretation of Fuzzy Measures and the Choquet Integral as an Integral with Respect to a Fuzzy Measure (Page -277), Fuzzy Measure of Fuzzy Events Defined by Fuzzy Integrals (Page-303), Fuzzy Measure Analysis of Public Attitude Towards the Use of Nuclear Energy (Page-329), Pseudo-Additive Measures and Integrals (Page-363), A Model for Human Evaluation Process Using Fuzzy Measure (Page-389),</subfield>
  </datafield>
  <datafield tag="650" ind1=" " ind2="0">
    <subfield code="a">Telecommunication Engineering</subfield>
  </datafield>
  <datafield tag="650" ind1=" " ind2="0">
    <subfield code="a">Telecommunication Engineering</subfield>
    <subfield code="9">99468</subfield>
  </datafield>
  <datafield tag="700" ind1="1" ind2=" ">
    <subfield code="a">Nguyen, Hung T.,</subfield>
    <subfield code="d">1944-</subfield>
    <subfield code="9">95446</subfield>
  </datafield>
  <datafield tag="700" ind1="1" ind2=" ">
    <subfield code="a">Prasad, Nadipuram R.</subfield>
    <subfield code="9">99469</subfield>
  </datafield>
  <datafield tag="856" ind1="4" ind2="2">
    <subfield code="3">Publisher description</subfield>
    <subfield code="u">http://www.loc.gov/catdir/enhancements/fy0744/99019201-d.html</subfield>
  </datafield>
  <datafield tag="942" ind1=" " ind2=" ">
    <subfield code="c">REF</subfield>
    <subfield code="2">ddc</subfield>
  </datafield>
  <datafield tag="999" ind1=" " ind2=" ">
    <subfield code="c">178741</subfield>
    <subfield code="d">178741</subfield>
  </datafield>
  <datafield tag="952" ind1=" " ind2=" ">
    <subfield code="0">0</subfield>
    <subfield code="1">0</subfield>
    <subfield code="2">ddc</subfield>
    <subfield code="4">0</subfield>
    <subfield code="7">0</subfield>
    <subfield code="a">MCS</subfield>
    <subfield code="b">MCS</subfield>
    <subfield code="c">REF</subfield>
    <subfield code="d">2016-12-12</subfield>
    <subfield code="o">629.8,FUZ</subfield>
    <subfield code="p">MCS30782</subfield>
    <subfield code="r">2016-12-08</subfield>
    <subfield code="w">2016-12-12</subfield>
    <subfield code="y">REF</subfield>
    <subfield code="z">Almirah No.24, Shelf No.3</subfield>
  </datafield>
</record>
